Science Quiz

Random Science Quiz

Forensic science common physical evidence Quiz Stats

 Plays Quiz not verified by Sporcle

Support Sporcle.
Go Orange.
Score 0/27 Timer 12:00
0 Plays Today
% Correct
blood
94.1%
fingerprint
91.6%
hair
89.7%
impression
76.2%
body part
75.1%
weapon
73.2%
semen
70.8%
saliva
66.4%
gun
57.8%
glass
54%
bullet
51.3%
clothing
49.5%
urine
49.1%
car parts
47.4%
% Correct
drugs
46.9%
vegetative matter
44.3%
soil
42.3%
personal belongings
40.7%
tire
37.4%
document
36.6%
ID
34.7%
paint
33.5%
feces
33%
alcohol
32.7%
gas
32.6%
bomb
24.8%
health & beauty products
24%

You're not logged in!

Compare scores with friends on all Sporcle quizzes.
OR
Log In

From the Vault

5 Books Per Century II

by awesomeness365

If you're only going to read five books each century, read Vonnegut.
Remove Ads.
Support Sporcle.
Get the best of Sporcle when you Go Orange. This ad-free experience offers more features, more stats, and more fun while also helping to support Sporcle. Thank you for becoming a member.

Show Comments

Extras

Created Feb 15, 2011ReportNominate
Tags:common, Evidence, forensic, form, Physical

Top Quizzes Today


Score Distribution

Your Account Isn't Verified!

In order to create a playlist on Sporcle, you need to verify the email address you used during registration. Go to your Sporcle Settings to finish the process.

Report this User

Report this user for behavior that violates our Community Guidelines.

Details: